000 00828nam a2200217 i 4500
001 bg
245 7 0 _aGotyckie malarstwo ścienne w Polsce /
_cJerzy Domasłowski [et. al.].
260 _aPoznań :
_bWydaw. Naukowe UAM,
_c1984.
300 _a535 s., [1] k. tabl. złoż. :
_bfot, 1 mapa, rys. ;
_c24 cm.
490 1 _aSeria Historia Sztuki / Uniwersytet im. Adama Mickiewicza w Poznamiu,
_x0556-1019 ;
_vnr 17
504 _aBibliogr. s. 175-192. - Summ., Zsfassung.
650 9 _aMalarstwo monumentalne polskie
_y14-15 w.
650 9 _aGotyk
_xzabytki
_zPolska
700 1 _aDOMASŁAWSKI, Jerzy.
830 0 _aSeria Historia Sztuki (Uniwersytet im. Adama Mickiewicza w Poznamiu) ;
_vnr 17
040 _cBPK
041 0 _apl
_bende
080 _a72.04(438)"13/14"
942 _cKS
008 s pl f |000 0 pol
999 _c32275
_d32275
856 _uhttp://koha.tu.koszalin.pl/cgi-bin/koha/opac-detail.pl?biblionumber=32275
_yKatalog online BPK